[Event "Region V"]
[Site "?"]
[Date "1991.10.27"]
[Round "5.10"]
[White "Wilson, Vester"]
[Black "Aldrich, Jeff"]
[Result "1-0"]
[WhiteElo "2086"]
[BlackElo "1900"]
[PlyCount "91"]
[EventDate "1991.??.??"]

1. e4 c6 2. d4 d5 3. Nc3 dxe4 4. Nxe4 Nd7 5. Qe2 e6 6. Bg5 Be7 7. Nd6+ Kf8 8.
Qh5 g6 9. Qf3 Ndf6 10. Nxc8 Rxc8 11. O-O-O h5 12. Nh3 Kg7 13. Bc4 b5 14. Bb3 a5
15. a3 a4 16. Ba2 Qa5 17. Bd2 Qb6 18. Ng5 c5 19. d5 b4 20. dxe6 bxa3 21. Qxa3
c4 22. Qe3 Bc5 23. Qf3 a3 24. Bc3 axb2+ 25. Kb1 Rc7 26. exf7 Nh6 27. Bxc4 Be7
28. Bb3 Rxc3 29. Qxc3 Ra8 30. Qxb2 Ba3 31. Ne6+ Qxe6 32. Bxe6 Bxb2 33. Kxb2
Rb8+ 34. Kc1 Nxf7 35. Bxf7 Kxf7 36. Rhe1 Ra8 37. Rd4 Ra1+ 38. Kd2 Ra2 39. h3
Ra5 40. Re3 Rg5 41. Rf3 Kg7 42. g3 Ra5 43. Re3 Rf5 44. f4 Ra5 45. Rd6 Nd5 46.
Re5 1-0

[Event "Region V"]
[Site "?"]
[Date "1991.10.27"]
[Round "4.5"]
[White "Aldrich, Jeff"]
[Black "Jirjis, Faris"]
[Result "0-1"]
[WhiteElo "1900"]
[BlackElo "2097"]
[PlyCount "114"]
[EventDate "1991.??.??"]

1. d4 Nf6 2. c4 e6 3. Nf3 b6 4. Nc3 Ba6 5. e3 d5 6. Ne5 c6 7. Bd3 Bd6 8. cxd5
Bxe5 9. Bxa6 Nxa6 10. dxe5 Nxd5 11. Ne4 O-O 12. O-O Qc7 13. Qh5 Nab4 14. Bd2
Nd3 15. Bc3 Nxc3 16. bxc3 Qxe5 17. Qxe5 Nxe5 18. Rfd1 Rfd8 19. Kf1 Kf8 20. Ke2
Rd5 21. f4 Nc4 22. Rd4 Rxd4 23. cxd4 Ke7 24. Rc1 Na5 25. Nf2 Rd8 26. Nd3 f6 27.
Nb4 Rc8 28. e4 c5 29. dxc5 bxc5 30. Ke3 Kd7 31. Nd3 Kd6 32. Nb2 Rb8 33. Na4 c4
34. Rd1+ Kc6 35. Kd2 Rb4 36. Nc3 Rb2+ 37. Ke3 Rc2 38. Ne2 Rxa2 39. Nd4+ Kc5 40.
Nxe6+ Kb4 41. Rd2 Ra3+ 42. Ke2 Nb3 43. Rd7 Nc1+ 44. Kd1 Rd3+ 45. Rxd3 Nxd3 46.
Kc2 Ne1+ 47. Kc1 Nxg2 48. Nxg7 Nxf4 49. Ne8 Nh5 50. Nc7 a5 51. Kc2 Nf4 52. h4
a4 53. Kb2 c3+ 54. Kc2 a3 55. Na6+ Kc4 56. Kb1 Nd3 57. e5 fxe5 0-1

[Event "Motor City Open"]
[Site "Detroit"]
[Date "1991.11.29"]
[Round "1"]
[White "Wydryck, Robert"]
[Black "Solski, Jeff"]
[Result "1-0"]
[WhiteElo "1968"]
[BlackElo "1428"]
[PlyCount "91"]
[EventDate "1991.11.29"]

1. e4 d6 2. b3 Nf6 3. Nc3 g6 4. Bb2 Bg7 5. Nd5 O-O 6. Nxf6+ exf6 7. Be2 Nc6 8.
Nf3 Bg4 9. h3 Bxf3 10. Bxf3 Ne5 11. Be2 c5 12. f4 Nc6 13. O-O Re8 14. d3 Qb6
15. Kh1 Nd4 16. Bxd4 cxd4 17. f5 Qc5 18. fxg6 fxg6 19. Qd2 a5 20. a4 b6 21. Rf2
d5 22. exd5 Rad8 23. Bf3 Re3 24. Re2 Rde8 25. Rxe3 dxe3 26. Qe2 f5 27. Rf1 Bc3
28. g4 f4 29. g5 Qb4 30. Rg1 Bd2 31. Qd1 Qc3 32. d6 Qd4 33. Bc6 Rd8 34. d7 Rxd7
35. Bxd7 Qxd7 36. Qf3 Qc7 37. c4 Qe5 38. Rg2 Qc3 39. Qa8+ Kf7 40. Qb7+ Ke8 41.
Qe4+ Kd7 42. Qxf4 Qxd3 43. Qf3 Qxb3 44. Rxd2+ Ke7 45. Qf6+ Ke8 46. Rd8# 1-0

[Event "Motor City Open"]
[Site "Detroit"]
[Date "1991.11.29"]
[Round "3"]
[White "Wydryck, Robert"]
[Black "Brooks, John"]
[Result "0-1"]
[WhiteElo "1968"]
[BlackElo "2195"]
[PlyCount "96"]
[EventDate "1991.11.29"]

1. e4 c5 2. Nf3 Nf6 3. Nc3 Nc6 4. d4 cxd4 5. Nxd4 e6 6. Be2 Bb4 7. O-O Bxc3 8.
bxc3 Nxe4 9. Nb5 d5 10. c4 a6 11. cxd5 axb5 12. dxc6 Qxd1 13. Rxd1 bxc6 14. Bf3
f5 15. Bxe4 fxe4 16. Rd6 Bd7 17. Bg5 h6 18. Rad1 hxg5 19. Rxd7 O-O 20. R7d6
Rfc8 21. Rxe6 Rxa2 22. Rc1 Kf7 23. Rxe4 Rd8 24. Kf1 Rd5 25. Re2 Rc5 26. Ke1 Rc3
27. Kd2 b4 28. Re3 Rc4 29. Kd3 Rc5 30. Kd2 Rb5 31. Kd3 Rc5 32. Kd2 Rd5+ 33. Rd3
Rf5 34. Rf3 Rxf3 35. gxf3 Ra3 36. Rb1 Rxf3 37. Ke2 Rf4 38. Rb3 Ke6 39. Rg3 g4
40. h3 gxh3 41. Rxh3 Kd5 42. Rg3 Rf7 43. Rg4 Kc5 44. Ke3 Rd7 45. Re4 Kb5 46. f4
c5 47. f5 c4 48. Re5+ Ka4 0-1

[Event "Motor City Open"]
[Site "Detroit"]
[Date "1991.11.29"]
[Round "3"]
[White "Wilson, Vester"]
[Black "Burke, Tim"]
[Result "1-0"]
[WhiteElo "2122"]
[BlackElo "1717"]
[PlyCount "35"]
[EventDate "1991.11.29"]

1. e4 c5 2. Nf3 d6 3. d4 cxd4 4. Nxd4 Nf6 5. Nc3 g6 6. Be3 Bg7 7. f3 O-O 8. Qd2
Nc6 9. O-O-O Bd7 10. g4 Qc8 11. h4 Ne5 12. h5 Nexg4 13. fxg4 Bxg4 14. Be2 Bxh5
15. Bxh5 Nxh5 16. Rxh5 gxh5 17. Nf5 Re8 18. Qg2 1-0

[Event "Motor City Open"]
[Site "Detroit"]
[Date "1991.11.29"]
[Round "3"]
[White "Williams, Ron"]
[Black "Stinson, Darlene"]
[Result "1-0"]
[WhiteElo "1854"]
[BlackElo "1582"]
[PlyCount "85"]
[EventDate "1991.11.29"]

1. e4 e5 2. f4 Nc6 3. Nf3 Nf6 4. fxe5 Nxe4 5. Bc4 d6 6. Qe2 d5 7. Bb3 Bg4 8. c3
Nxe5 9. O-O Be7 10. d4 Nxf3+ 11. gxf3 Bh3 12. fxe4 Bxf1 13. Qxf1 c6 14. exd5
cxd5 15. Qb5+ Qd7 16. Qxd7+ Kxd7 17. Bxd5 Rab8 18. Bxf7 Rhf8 19. Bh5 b6 20. Be3
g6 21. Bg4+ Kc7 22. Nd2 Rbd8 23. Nc4 Rd5 24. Bh6 Re8 25. Re1 Rdd8 26. Bf4+ Kb7
27. Bf3+ Kc8 28. Ne5 Rf8 29. Bg3 Bd6 30. Kg2 Bc7 31. Bh4 Rde8 32. Bc6 Re6 33.
Bd7+ Kb8 34. Bxe6 Re8 35. Bd7 Rf8 36. Bc6 Bxe5 37. Rxe5 Kc7 38. d5 h6 39. Bg3
Kd8 40. d6 g5 41. Re7 a6 42. Ra7 Kc8 43. Ra8# 1-0

[Event "Motor City Open"]
[Site "Detroit"]
[Date "1991.11.29"]
[Round "1"]
[White "Williams, Ron"]
[Black "Khraizat, Ali"]
[Result "1-0"]
[WhiteElo "1854"]
[BlackElo "1213"]
[PlyCount "65"]
[EventDate "1991.11.29"]

1. e4 e5 2. f4 Nc6 3. Bc4 Nf6 4. Nf3 Bd6 5. d4 exf4 6. e5 Qe7 7. O-O O-O 8.
exf6 Qxf6 9. c3 Re8 10. Re1 Re6 11. Bxe6 dxe6 12. Qe2 Bd7 13. Nbd2 Re8 14. Ne4
Qf5 15. Nh4 Qd5 16. Qf3 f5 17. Nf2 Qxf3 18. Nxf3 e5 19. dxe5 Bxe5 20. Nxe5 Nxe5
21. Bxf4 Ng6 22. Rxe8+ Bxe8 23. Bxc7 Bc6 24. g3 f4 25. Bxf4 Bf3 26. Re1 Bd5 27.
Rd1 Bxa2 28. Ra1 Bc4 29. Rxa7 Bd5 30. Nh3 Ne7 31. Ng5 h6 32. Ra8+ Nc8 33. Rxc8#
1-0

[Event "Motor City Open"]
[Site "Detroit"]
[Date "1991.11.29"]
[Round "2"]
[White "Ward, Tom"]
[Black "Spooner, Frank"]
[Result "1-0"]
[WhiteElo "2149"]
[BlackElo "1875"]
[PlyCount "43"]
[EventDate "1991.11.29"]

1. e4 c6 2. d4 d5 3. e5 Bf5 4. Nc3 Qb6 5. g4 Bg6 6. h4 h5 7. Nge2 hxg4 8. Nf4
Bf5 9. Bd3 Bxd3 10. Nxd3 e6 11. Qxg4 Nh6 12. Bxh6 Rxh6 13. O-O-O Nd7 14. Rh3
O-O-O 15. Rf3 Rg6 16. Qh5 Qxd4 17. Rf4 Qb6 18. Rxf7 Rh6 19. Qg4 c5 20. Re1 Kb8
21. Nxd5 exd5 22. Rxd7 1-0

[Event "Motor City Open"]
[Site "Detroit"]
[Date "1991.11.29"]
[Round "1"]
[White "Walker, LeRoy"]
[Black "Eagle, Chris"]
[Result "1-0"]
[WhiteElo "1569"]
[BlackElo "2157"]
[PlyCount "69"]
[EventDate "1991.11.29"]

1. Nf3 Nf6 2. b3 d5 3. Bb2 e6 4. e3 c5 5. Be2 Bd6 6. Be5 Nc6 7. Bxd6 Qxd6 8. d4
O-O 9. O-O e5 10. dxe5 Nxe5 11. Nbd2 Bf5 12. Nxe5 Qxe5 13. Nf3 Qe7 14. Nh4 Be4
15. Bd3 Rad8 16. Nf5 Qe5 17. Ng3 Rd6 18. Bxe4 dxe4 19. Qe2 Rfd8 20. Rad1 Nd5
21. Qe1 Nc3 22. Rxd6 Rxd6 23. Ne2 Rh6 24. h3 Nd5 25. Qa5 b6 26. Qxa7 g5 27. Rd1
Kg7 28. c4 Nf6 29. Ng3 g4 30. h4 Rxh4 31. Qxb6 Rh6 32. Qd6 Qg5 33. Qf4 Kg6 34.
Qxg5+ Kxg5 35. Rd8 1-0

[Event "Motor City Open"]
[Site "Detroit"]
[Date "1991.11.29"]
[Round "3"]
[White "Walker, LeRoy"]
[Black "Dobbs, Edward"]
[Result "0-1"]
[WhiteElo "1569"]
[BlackElo "1847"]
[PlyCount "56"]
[EventDate "1991.11.29"]

1. Nf3 c5 2. b3 Nc6 3. Bb2 d5 4. e3 Bg4 5. Be2 Nf6 6. d3 e6 7. Ne5 Bxe2 8. Qxe2
Bd6 9. f4 Qc7 10. Nxc6 Qxc6 11. Nd2 O-O-O 12. O-O-O Rhe8 13. Nf3 Re7 14. Ne5
Qc7 15. g4 Ne8 16. d4 f6 17. dxc5 Bxc5 18. Nd3 Nd6 19. Nxc5 Qxc5 20. Kb1 e5 21.
fxe5 fxe5 22. Rhf1 Ne4 23. Rd3 d4 24. Qe1 Rc7 25. Qd1 b5 26. exd4 exd4 27. Bxd4
Rxd4 28. Rf8+ Qxf8 0-1

[Event "Motor City Open"]
[Site "Detroit"]
[Date "1991.11.29"]
[Round "1"]
[White "Walker, Douglas"]
[Black "Kruskie, Jerry"]
[Result "1/2-1/2"]
[WhiteElo "1846"]
[BlackElo "1810"]
[PlyCount "71"]
[EventDate "1991.11.29"]

1. e4 c5 2. Nf3 Nc6 3. Bb5 e6 4. Nc3 Nge7 5. d3 a6 6. Ba4 b5 7. Bb3 d5 8. a3 g6
9. O-O Bg7 10. Bf4 O-O 11. Rb1 Bb7 12. Qd2 Rc8 13. exd5 Nxd5 14. Nxd5 exd5 15.
Bh6 c4 16. Bxg7 Kxg7 17. Ba2 Qf6 18. c3 Rfe8 19. d4 Re4 20. Rbe1 Rce8 21. Bb1
Rxe1 22. Rxe1 Rxe1+ 23. Nxe1 Bc8 24. h3 Ne7 25. Nf3 Bxh3 26. Ne5 Bf5 27. Bxf5
Qxf5 28. f3 h5 29. Qe2 f6 30. Nxc4 bxc4 31. Qxe7+ Kh6 32. Qf8+ Kg5 33. Qb8 h4
34. a4 Qb1+ 35. Kh2 Qc1 36. Qb7 1/2-1/2

[Event "Motor City Open"]
[Site "Detroit"]
[Date "1991.11.29"]
[Round "1"]
[White "Walker, Anthony"]
[Black "Dobbs, Edward"]
[Result "0-1"]
[WhiteElo "1103"]
[BlackElo "1847"]
[PlyCount "70"]
[EventDate "1991.11.29"]

1. e4 c5 2. Nf3 g6 3. Nc3 Bg7 4. d4 cxd4 5. Nxd4 Nc6 6. Be3 e6 7. Bc4 Nge7 8.
O-O O-O 9. Re1 Re8 10. Nxc6 Nxc6 11. Qd2 a6 12. Rad1 b5 13. Bb3 Ne5 14. Bd4 Qc7
15. Bxe5 Bxe5 16. g3 Rd8 17. Qe3 Bb7 18. Rd3 Rac8 19. Red1 Qc6 20. Re1 a5 21.
a4 b4 22. Nd1 Bc7 23. c3 d5 24. exd5 exd5 25. Qh6 d4 26. Bxf7+ Kxf7 27. Qxh7+
Kf6 28. Qh4+ Kg7 29. Qe7+ Kg8 30. Kf1 Re8 31. Qf7+ Kxf7 32. Rxe8 Rxe8 33. Re3
dxe3 34. fxe3 Qf3+ 35. Nf2 Rxe3 0-1

[Event "Motor City Open"]
[Site "Detroit"]
[Date "1991.11.29"]
[Round "1"]
[White "Vaughn, Gerald"]
[Black "Mellen, Steve"]
[Result "0-1"]
[WhiteElo "1400"]
[BlackElo "2003"]
[PlyCount "42"]
[EventDate "1991.11.29"]

1. e4 Nf6 2. e5 Nd5 3. c4 Nb6 4. d4 d6 5. Bf4 dxe5 6. Bxe5 Nc6 7. c5 Nd5 8. Bb5
Bd7 9. Bxc6 Bxc6 10. Nf3 Qd7 11. O-O f6 12. Re1 O-O-O 13. Bg3 g5 14. h3 h5 15.
a3 h4 16. Bh2 g4 17. hxg4 Qxg4 18. Nbd2 Rg8 19. g3 Nf4 20. Ne5 Qh3 21. Qg4+
Rxg4 0-1

[Event "Motor City Open"]
[Site "Detroit"]
[Date "1991.11.29"]
[Round "2"]
[White "Vaughn, Gerald"]
[Black "Daniel, Aaron"]
[Result "0-1"]
[WhiteElo "1400"]
[BlackElo "2108"]
[PlyCount "54"]
[EventDate "1991.11.29"]

1. e4 Nf6 2. Nc3 e5 3. Bc4 Nc6 4. Nf3 Bc5 5. d3 h6 6. O-O O-O 7. h3 d6 8. Na4
Bb6 9. Nxb6 axb6 10. a3 Qe7 11. Nh4 Kh7 12. Re1 g5 13. Nf5 Bxf5 14. exf5 d5 15.
Ba2 Nd4 16. g4 Qd6 17. c3 Nc6 18. Qd2 Rae8 19. c4 Nd4 20. cxd5 Nf3+ 21. Kg2
Nxd2 22. Bxd2 Nxd5 23. d4 exd4 24. Rh1 Re2 25. Rad1 Rxd2 26. Rxd2 Nf4+ 27. Kf1
Qc6 0-1

[Event "Motor City Open"]
[Site "Detroit"]
[Date "1991.11.29"]
[Round "1"]
[White "Vaka, Flamur"]
[Black "Ward, Tom"]
[Result "0-1"]
[WhiteElo "1592"]
[BlackElo "2149"]
[PlyCount "48"]
[EventDate "1991.11.29"]

1. e4 c5 2. Nf3 d6 3. Nc3 Nf6 4. d4 cxd4 5. Nxd4 a6 6. Bg5 e6 7. Bd3 Be7 8. O-O
O-O 9. Qd2 b5 10. Rfe1 Bb7 11. Nf3 Nbd7 12. e5 dxe5 13. Nxe5 Nxe5 14. Rxe5 Qc7
15. Ree1 Rfd8 16. Qe3 Qc6 17. Qg3 Rd4 18. h3 Nh5 19. Qh2 Bxg5 20. Rad1 Rad8 21.
f3 Bf4 22. g3 Bxg3 23. Qg2 Qxf3 24. Qxf3 Bxf3 0-1

[Event "Motor City Open"]
[Site "Detroit"]
[Date "1991.11.29"]
[Round "3"]
[White "Vaka, Flamur"]
[Black "Khraizat, Ali"]
[Result "1-0"]
[WhiteElo "1592"]
[BlackElo "1213"]
[PlyCount "39"]
[EventDate "1991.11.29"]

1. e4 e5 2. Nf3 Nc6 3. Bb5 Bc5 4. Nc3 Nge7 5. d3 d6 6. h3 a6 7. Ba4 O-O 8. Bg5
f6 9. Bd2 Bd7 10. Bb3+ Kh8 11. Qc1 Ng6 12. O-O f5 13. Bg5 Qe8 14. Nd5 Qc8 15.
exf5 Bxf5 16. Nh4 Nge7 17. Nxe7 Nxe7 18. Bxe7 Re8 19. Nxf5 g6 20. Bf6# 1-0

[Event "Motor City Open"]
[Site "Detroit"]
[Date "1991.11.29"]
[Round "3"]
[White "Tsemekhman, Vadim"]
[Black "Mellen, Steve"]
[Result "1-0"]
[WhiteElo "2442"]
[BlackElo "2003"]
[PlyCount "33"]
[EventDate "1991.11.29"]

1. d4 Nf6 2. c4 g6 3. Nc3 Bg7 4. e4 d6 5. f4 c5 6. d5 O-O 7. Bd3 e6 8. Nge2
exd5 9. exd5 Na6 10. O-O Nc7 11. a4 b6 12. f5 Bxf5 13. Bxf5 gxf5 14. Ng3 Ne4
15. Nxf5 Nxc3 16. Qg4 Qf6 17. Nh6+ 1-0

[Event "Motor City Open"]
[Site "Detroit"]
[Date "1991.11.29"]
[Round "1"]
[White "Tsemekhman, Vadim"]
[Black "Jointer, William"]
[Result "1-0"]
[WhiteElo "2442"]
[BlackElo "1700"]
[PlyCount "63"]
[EventDate "1991.11.29"]

1. d4 Nf6 2. c4 e6 3. Nf3 b6 4. g3 Bb7 5. Bg2 Be7 6. O-O O-O 7. Nc3 h6 8. Qc2
d5 9. Ne5 Nbd7 10. Rd1 Bd6 11. f4 c6 12. Kh1 Qe8 13. Be3 h5 14. h3 g6 15. Bg1
Kg7 16. e4 Rc8 17. Nxd7 Nxd7 18. Re1 Qd8 19. Qf2 dxc4 20. Rad1 Qc7 21. Qd2 Rcd8
22. d5 exd5 23. exd5 Bc5 24. d6 Qb8 25. Ne4 Bxg1 26. Kxg1 Rfe8 27. f5 f6 28.
Ng5 fxg5 29. Re7+ Kh6 30. h4 Rxe7 31. Qxg5+ Kg7 32. dxe7 1-0

[Event "Motor City Open"]
[Site "Detroit"]
[Date "1991.11.29"]
[Round "2"]
[White "Thomas, Willie"]
[Black "Ball, Ed"]
[Result "0-1"]
[WhiteElo "1550"]
[BlackElo "1957"]
[PlyCount "92"]
[EventDate "1991.11.29"]

1. d4 d5 2. c4 e6 3. Nc3 f5 4. Nf3 Nf6 5. Bg5 Be7 6. e3 O-O 7. Bd3 c6 8. c5 h6
9. Bf4 Ne4 10. Qc2 Nd7 11. h3 g5 12. Bh2 Qe8 13. Bxe4 fxe4 14. Ne5 Bf6 15. Nxd7
Qxd7 16. b4 a6 17. Na4 Bd8 18. Bd6 Rf5 19. Qe2 Qf7 20. Rf1 Bc7 21. Bxc7 Qxc7
22. Nb6 Rb8 23. Rh1 Qg7 24. Qg4 Bd7 25. Qg3 Rbf8 26. Rf1 Be8 27. Nc8 e5 28. Nd6
exd4 29. Nxf5 Rxf5 30. exd4 Qxd4 31. Rb1 e3 32. fxe3 Rxf1+ 33. Kxf1 Qd3+ 34.
Kf2 Qxb1 35. Qe5 Qe4 36. Qb8 d4 37. exd4 Qxd4+ 38. Kf3 Qf4+ 39. Qxf4 gxf4 40.
Kxf4 Kf7 41. g4 Kf6 42. h4 Bg6 43. g5+ hxg5+ 44. hxg5+ Ke6 45. Ke3 Ke5 46. Kd2
Kd4 0-1

[Event "Motor City Open"]
[Site "Detroit"]
[Date "1991.11.29"]
[Round "2"]
[White "Thomas, Carlton"]
[Black "Walker, Douglas"]
[Result "1-0"]
[WhiteElo "2129"]
[BlackElo "1846"]
[PlyCount "55"]
[EventDate "1991.11.29"]

1. e4 e5 2. Nf3 Nc6 3. Bb5 a6 4. Bxc6 dxc6 5. d4 Bg4 6. O-O Bxf3 7. Qxf3 Qxd4
8. Rd1 Qb6 9. Qg3 f6 10. Nc3 g6 11. Qg4 Bd6 12. Qe6+ Ne7 13. Rb1 Rd8 14. Be3
Qa5 15. Qxf6 Rf8 16. Qe6 Bb4 17. Rxd8+ Kxd8 18. Bh6 Qc5 19. Bxf8 Qb6 20. Bxe7+
Bxe7 21. Rd1+ Bd6 22. Qg8+ Ke7 23. Qxh7+ Kf6 24. Rd3 Qxb2 25. Rf3+ Kg5 26. h4+
Kg4 27. Qxg6+ Kxh4 28. Rh3# 1-0

[Event "Motor City Open"]
[Site "Detroit"]
[Date "1991.11.29"]
[Round "2"]
[White "Stinson, Darlene"]
[Black "Fluellen, Nathaniel"]
[Result "1-0"]
[WhiteElo "1582"]
[BlackElo "1272"]
[PlyCount "69"]
[EventDate "1991.11.29"]

1. e4 e5 2. Nf3 d6 3. Bc4 Nh6 4. d3 Nc6 5. Nc3 Be6 6. Bg5 Be7 7. Bxe7 Qxe7 8.
Nd5 Bxd5 9. Bxd5 O-O 10. O-O Na5 11. Qd2 c6 12. Qxa5 cxd5 13. Qxd5 Rac8 14. c3
Rc5 15. Qb3 Rd8 16. Rfe1 d5 17. exd5 Rdxd5 18. d4 Rb5 19. Qc2 f6 20. c4 Qc7 21.
Qd3 Ra5 22. cxd5 Rxd5 23. Rac1 Qd7 24. Rcd1 Nf7 25. Qb3 Rb5 26. dxe5 Rxb3 27.
Rxd7 Nxe5 28. Rd8+ Kf7 29. Nxe5+ fxe5 30. axb3 Ke7 31. Rd5 Kf6 32. Rexe5 g6 33.
f4 b6 34. f5 g5 35. Re6+ 1-0

[Event "Motor City Open"]
[Site "Detroit"]
[Date "1991.11.29"]
[Round "3"]
[White "Steverson, Bunnard"]
[Black "Steen, Harold"]
[Result "0-1"]
[WhiteElo "1839"]
[BlackElo "1750"]
[PlyCount "96"]
[EventDate "1991.11.29"]

1. d4 Nf6 2. Nf3 g6 3. e3 Bg7 4. Bd3 O-O 5. O-O d6 6. Nbd2 Bg4 7. h3 Bxf3 8.
Nxf3 Nbd7 9. c3 c5 10. Re1 Qc7 11. Qe2 a6 12. c4 e5 13. dxe5 dxe5 14. e4 Ne8
15. b3 Nd6 16. Bb2 Rab8 17. Rad1 b5 18. Nd2 b4 19. Nf3 Rbe8 20. Bb1 Nb8 21. Qd2
Nc8 22. Qg5 Nc6 23. Qg3 f6 24. Rd3 Qe7 25. Red1 Nd4 26. Re3 Na7 27. Nxd4 cxd4
28. Ree1 Qc5 29. Rd3 Nc6 30. Qf3 Nd8 31. Bc1 Ne6 32. Qg3 a5 33. f4 exf4 34.
Bxf4 Nxf4 35. Qxf4 f5 36. Qh4 Qe5 37. Rdd1 f4 38. Bd3 f3 39. Rf1 fxg2 40. Kxg2
Rf6 41. Rxf6 Bxf6 42. Qg4 Kg7 43. Qd7+ Re7 44. Qd5 Qf4 45. Qc5 Re5 46. Qa7+ Kh6
47. Rf1 Qd2+ 48. Rf2 Rg5+ 0-1

[Event "Motor City Open"]
[Site "Detroit"]
[Date "1991.11.29"]
[Round "1"]
[White "Steverson, Bunnard"]
[Black "Puryear, Douglas"]
[Result "1-0"]
[WhiteElo "1839"]
[BlackElo "1647"]
[PlyCount "61"]
[EventDate "1991.11.29"]

1. d4 d6 2. Nf3 Nf6 3. e3 b6 4. Bd3 c5 5. c3 Nbd7 6. O-O Qc7 7. Nbd2 e5 8. Re1
Be7 9. dxe5 dxe5 10. Qc2 Bb7 11. Ne4 O-O 12. Nfg5 Qc6 13. Nxf6+ Nxf6 14. Bxh7+
Kh8 15. f3 Nd7 16. Be4 Qh6 17. Bxb7 Rab8 18. Bc6 Rbd8 19. Bxd7 Rxd7 20. Qf5 Rd6
21. Nxf7+ Rxf7 22. Qxf7 Bh4 23. e4 Qf6 24. Qxf6 Bxf6 25. Be3 Rd7 26. Rad1 Rf7
27. Rd5 g5 28. Red1 Kg7 29. Rd7 a5 30. Rxf7+ Kxf7 31. Rd6 1-0

[Event "Motor City Open"]
[Site "Detroit"]
[Date "1991.11.29"]
[Round "3"]
[White "Spooner, Frank"]
[Black "Walker, Anthony"]
[Result "1-0"]
[WhiteElo "1875"]
[BlackElo "1103"]
[PlyCount "65"]
[EventDate "1991.11.29"]

1. Nf3 Nc6 2. b3 e5 3. e4 Nf6 4. d3 g6 5. Bb2 d6 6. Be2 Bg7 7. Nbd2 O-O 8. O-O
Re8 9. c4 Bg4 10. h3 Bxf3 11. Nxf3 Nd7 12. Qc2 Nd4 13. Nxd4 exd4 14. f4 Qf6 15.
Rf2 Re7 16. Raf1 Rae8 17. Bc1 Bh6 18. Kh2 c5 19. g3 b6 20. Bf3 Nf8 21. Qe2 Ne6
22. Bg4 Kg7 23. e5 dxe5 24. fxe5 Qxf2+ 25. Qxf2 Bxc1 26. Qf6+ Kh6 27. Rxc1 Nc7
28. Re1 Re6 29. Bxe6 Rxe6 30. Qxf7 Rc6 31. Qf8+ Kh5 32. Re4 g5 33. Qf7+ 1-0

[Event "Motor City Open"]
[Site "Detroit"]
[Date "1991.11.29"]
[Round "1"]
[White "Spooner, Frank"]
[Black "Ryan, Bob"]
[Result "1-0"]
[WhiteElo "1875"]
[BlackElo "1554"]
[PlyCount "43"]
[EventDate "1991.11.29"]

1. Nf3 d5 2. e3 Nc6 3. Bb5 Bd7 4. b3 e5 5. Bxc6 bxc6 6. Nxe5 Bd6 7. Bb2 Qf6 8.
f4 Ne7 9. O-O Qf5 10. d3 Bc5 11. Qe2 Ng6 12. g4 Nxf4 13. Qf3 Qg5 14. Kh1 Qh4
15. Qxf4 Be6 16. Nxf7 O-O 17. Qe5 d4 18. Qxe6 Rae8 19. Nh6+ Kh8 20. Rxf8+ Rxf8
21. Qg8+ Rxg8 22. Nf7# 1-0

[Event "Motor City Open"]
[Site "Detroit"]
[Date "1991.11.29"]
[Round "2"]
[White "Solski, Jeff"]
[Black "Wilson, Vester"]
[Result "0-1"]
[WhiteElo "1428"]
[BlackElo "2122"]
[PlyCount "60"]
[EventDate "1991.11.29"]

1. e4 e5 2. f4 exf4 3. Nf3 Be7 4. Bc4 Bh4+ 5. g3 fxg3 6. O-O gxh2+ 7. Kh1 d5 8.
Bxd5 Nf6 9. Bxf7+ Kxf7 10. Nxh4 Re8 11. Qf3 Kg8 12. d3 Nc6 13. Bg5 Nd4 14. Qg2
Kh8 15. c3 Ne6 16. Nd2 Nxg5 17. Qxg5 h6 18. Qg6 Ng4 19. Rf7 Rg8 20. Nf5 Ne5 21.
Qh5 Nxf7 22. Qxf7 Bxf5 23. Qxf5 Qxd3 24. Nf3 Raf8 25. Qg6 Qxf3+ 26. Kxh2 Rf4
27. Qg3 Qe2+ 28. Qg2 Rf2 29. Qxf2 Qxf2+ 30. Kh3 Rf8 0-1

[Event "Motor City Open"]
[Site "Detroit"]
[Date "1991.11.29"]
[Round "4"]
[White "Solski, Jeff"]
[Black "Sturgis, Derreck"]
[Result "1-0"]
[WhiteElo "1428"]
[BlackElo "1293"]
[PlyCount "45"]
[EventDate "1991.11.29"]

1. e4 c5 2. Nf3 Nc6 3. d4 cxd4 4. Nxd4 Nf6 5. Nc3 e5 6. Ndb5 d6 7. Be2 a6 8.
Na3 b5 9. Nd5 Nxe4 10. O-O Be6 11. Be3 Nc5 12. f4 Bxd5 13. Qxd5 Ne7 14. Qf3 Rc8
15. Rad1 Nd7 16. Rxd6 f5 17. Bb6 Nxb6 18. Rxd8+ Rxd8 19. Nxb5 axb5 20. Bxb5+
Nd7 21. Rd1 g6 22. Qb3 Bg7 23. Qe6 1-0

[Event "Motor City Open"]
[Site "Detroit"]
[Date "1991.11.29"]
[Round "1"]
[White "Smith, Walt"]
[Black "Stinson, Darlene"]
[Result "1-0"]
[WhiteElo "2039"]
[BlackElo "1582"]
[PlyCount "119"]
[EventDate "1991.11.29"]

1. c4 e5 2. Nc3 Nf6 3. g3 Bc5 4. Nf3 Qe7 5. d3 c6 6. Bg2 d5 7. Bg5 Qd6 8. Bxf6
gxf6 9. cxd5 cxd5 10. Qb3 d4 11. Ne4 Bb4+ 12. Nfd2 Qb6 13. Nxf6+ Qxf6 14. Qxb4
Nc6 15. Qc5 Bd7 16. Ne4 Qe7 17. Nd6+ Kf8 18. Nxb7 Qxc5 19. Nxc5 Be8 20. a3 Rc8
21. b4 a5 22. Bh3 Rc7 23. O-O axb4 24. Na6 Ra7 25. axb4 Rb7 26. Rfc1 Nxb4 27.
Nxb4 Rxb4 28. Ra8 Rb7 29. Bf5 f6 30. Be4 Re7 31. Rcc8 Kg7 32. h4 Rf8 33. Bc6
Bxc6 34. Rxf8 Bxa8 35. Rxa8 Rb7 36. g4 Rf7 37. Re8 h6 38. Kg2 Kh7 39. Kg3 Rg7
40. Kf3 Kg6 41. Rh8 Rf7 42. Ke4 f5+ 43. gxf5+ Kg7 44. Re8 Rd7 45. Re6 h5 46.
Kxe5 Rf7 47. Rg6+ Kh7 48. Re6 Rd7 49. Kf6 Kg8 50. Re8+ Kh7 51. Re7+ Rxe7 52.
Kxe7 Kg7 53. f6+ Kg6 54. f7 Kf5 55. f8=Q+ Kg4 56. Qf6 Kh3 57. Qg5 Kh2 58. Ke6
Kh1 59. Ke5 Kh2 60. Ke4 1-0

[Event "Motor City Open"]
[Site "Detroit"]
[Date "1991.11.29"]
[Round "3"]
[White "Sledge, Ernest"]
[Black "Manion, Tom"]
[Result "1-0"]
[WhiteElo "1691"]
[BlackElo "1877"]
[PlyCount "64"]
[EventDate "1991.11.29"]

1. e4 e5 2. Nf3 Nf6 3. Nc3 Bb4 4. d3 Nc6 5. Bd2 d5 6. exd5 Nxd5 7. Be2 Bf5 8.
O-O Nxc3 9. bxc3 Bc5 10. Rb1 Bb6 11. Be3 Bxe3 12. fxe3 e4 13. Nd4 Nxd4 14. cxd4
Qg5 15. Qd2 Bh3 16. Rf2 exd3 17. Bxd3 Bc8 18. e4 Qxd2 19. Rxd2 c6 20. e5 b6 21.
d5 Bb7 22. c4 O-O-O 23. d6 Rhe8 24. Rf1 Rxe5 25. Rxf7 Rxd6 26. Rxg7 Rf6 27. h3
Re1+ 28. Kh2 h5 29. Be2 c5 30. Bxh5 Rff1 31. Bg4+ Kb8 32. Rd8+ Bc8 1-0

[Event "Motor City Open"]
[Site "Detroit"]
[Date "1991.11.29"]
[Round "2"]
[White "Ryan, Bob"]
[Black "Vaka, Flamur"]
[Result "1-0"]
[WhiteElo "1554"]
[BlackElo "1592"]
[PlyCount "183"]
[EventDate "1991.11.29"]

1. e4 e5 2. c4 Nf6 3. Nc3 Nc6 4. d3 h6 5. Be3 Be7 6. d4 exd4 7. Bxd4 Nxd4 8.
Qxd4 d6 9. Be2 O-O 10. Nf3 Nd7 11. g3 Bf6 12. Qd1 Re8 13. Bd3 Nc5 14. Bc2 Bg4
15. O-O Bxc3 16. bxc3 Qf6 17. Kg2 Qxc3 18. Rc1 Bxf3+ 19. Qxf3 Qxf3+ 20. Kxf3
Re7 21. Rfe1 Rae8 22. h4 f5 23. Rcd1 Nxe4 24. Kg2 Kf8 25. Ba4 Rd8 26. Bc2 g6
27. f3 Nc5 28. Rxe7 Kxe7 29. Re1+ Kf7 30. g4 f4 31. h5 gxh5 32. gxh5 Rg8+ 33.
Bg6+ Kf6 34. Kh3 Nd7 35. Re4 Ne5 36. Rxf4+ Ke7 37. Re4 Kf6 38. Rf4+ Kg7 39. Rf5
Rf8 40. Rxf8 Kxf8 41. Be4 b6 42. f4 Nxc4 43. Kg4 Kg7 44. Kf5 Nd2 45. Bd5 c5 46.
Ke6 c4 47. f5 c3 48. Ke7 c2 49. f6+ Kh7 50. f7 c1=Q 51. f8=Q Qc7+ 52. Ke6 Qg7
53. Qxd6 Qg8+ 54. Kd7 Qg7+ 55. Kc6 Qc3+ 56. Kb7 Qg7+ 57. Ka6 Qg5 58. Qc7+ Kh8
59. Qc3+ Kh7 60. Qd3+ Kh8 61. Kxa7 Qe7+ 62. Bb7 Qg5 63. Qd6 Kh7 64. Qxb6 Qe7
65. Qg6+ Kh8 66. Qxh6+ Kg8 67. Qxd2 Qa3+ 68. Kb6 Qe7 69. h6 Qf6+ 70. Bc6 Kh7
71. a4 Qg6 72. a5 Qg1+ 73. Kb7 Qb1+ 74. Kc7 Qg6 75. Qd7+ Kh8 76. Qg7+ Qxg7+ 77.
hxg7+ Kxg7 78. a6 Kf6 79. a7 Ke5 80. a8=Q Kd4 81. Qa5 Kd3 82. Qa4 Ke3 83. Qe4+
Kd2 84. Qf3 Kc2 85. Ba4+ Kd2 86. Bb3 Ke1 87. Qe3+ Kf1 88. Bd1 Kg2 89. Qf3+ Kh2
90. Qg4 Kh1 91. Bf3+ Kh2 92. Qg2# 1-0